000 00811nam a22002177a 4500
003 OSt
005 20260504043907.0
008 260504b |||||||| |||| 00| 0 eng d
020 _a9781611599589
040 _aDWCL Main Lib.
_cOC
082 _aProf. 179.9 C532c 2016
100 _aNewmark, Amy
_eCompiler
245 _aChicken soup for the soul :
_bthe power of gratitude : 101 stories about how being thankful can change your life /
_cAmy Newmark, Deborah Norville
260 _aUSA :
_bChicken Soup for the Soul Publishing,
_cc2016
300 _aix, 401 pages :
_c21 cm.
650 _a1. Attitude (Psychology) -- Literary collections.
650 _a2. Attitudes (Psychology) -- Anecdotes.
650 _a3. Gratitude -- Anecdotes.
700 _aI. Norville, Deborah
_eCompiler
942 _2ddc
_cPROF.
_n0
999 _c10199
_d10199